Blurred Lines - Robin Thicke Feat Pharrell Williams, T.I. - All Lyrics - Statistics

General Stats
  • This quiz has been taken 44 times
  • The average score is 528 of 718
Answer Stats
Answer % Correct
a
100%
(Ha-ha,
100%
I
100%
(I
100%
(Oh
100%
(Oh)
100%
(Uh)
100%
(Uh-huh)
100%
woo)
100%
you
100%
You
100%
girl,
97%
girl
97%
girl)
97%
Hey,
97%
hey,
97%
hey
97%
(Hey,
97%
(Hey)
97%
hey)
97%
Hey
97%
it
97%
It
97%
me
97%
me?
97%
the
97%
The
97%
When
97%
when
97%
yeah)
97%
(Yeah)
97%
your
97%
blurred
93%
Go
93%
he
93%
He
93%
know
93%
lines
93%
lines)
93%
want
93%
you're
93%
You're
93%
boo
90%
get
90%
Get
90%
in
90%
In
90%
do
87%
Do
87%
to
87%
But
83%
but
83%
Good
83%
good
83%
(Good
83%
no
83%
No
83%
wanna
83%
an
80%
can
80%
I'm
80%
on?
80%
on
80%
up
80%
up)
80%
up-a
80%
can't
77%
Can't
77%
If
77%
this
77%
Baby,
73%
it's
73%
these
73%
what
73%
What
73%
What,
73%
don't
70%
hear
70%
of
70%
place
70%
That
70%
that
70%
my
67%
nasty
67%
so
67%
So,
67%
So
67%
way
67%
bitch
63%
bitch,
63%
let
63%
Let
63%
need
63%
not
63%
Not
63%
And
60%
and
60%
animal
60%
come
60%
from
60%
hottest
60%
is
60%
Just
60%
just
60%
make
60%
now
60%
out
60%
as
57%
be
57%
domesticate
57%
Everybody,
57%
(Everybody,
57%
feel
57%
for
57%
for?
57%
hug
57%
say
57%
she
57%
at
53%
grab
53%
mind
53%
nature
53%
take
53%
too
53%
Tried
53%
tryna
53%
we
53%
why
53%
(Why?)
53%
with
53%
close
50%
'em
50%
goin'
50%
hate
50%
(Hate
50%
man
50%
Okay,
50%
(Okay)
50%
past
50%
that's
50%
them
50%
gon'
47%
lucky
47%
Maybe
47%
was
47%
down,
43%
far
43%
got
43%
I'll
43%
jeans
43%
Must
43%
One
43%
one
43%
rhymes
43%
they
43%
ahead,
40%
'bout
40%
'Cause
40%
gettin'
40%
here)
40%
plastic
40%
liberate
37%
like
37%
ask
33%
blind
33%
deaf
33%
hurt,
33%
hurt
33%
same
33%
ass
30%
by
30%
dreams
30%
give
30%
Had
30%
page
30%
read
30%
Talkin'
30%
always
27%
back
27%
bad
27%
maker
27%
Malibu
27%
thing
27%
work?
27%
breathe?
23%
guy,
23%
more
23%
takers
23%
two
23%
women
23%
blasted
20%
somethin'
20%
steam
20%
waitin'
20%
works
20%
would
20%
ain't
17%
even
17%
hit
17%
Jamaica
17%
many
17%
mean,
17%
nice
17%
Nothin'
17%
pass
17%
Shake
17%
through
17%
big
13%
enough
13%
our
13%
Paris,
13%
tear
13%
watchin'
13%
casual
10%
Dakota
10%
refuse
10%
salute
10%
smack
10%
square
10%
wanted
10%
confused,
7%
dare
7%
dress
7%
hair
7%
Here's
7%
last
7%
pimpin'
7%
pull
7%
rump
7%
Swag
7%
winnin'
7%
beginnin'
3%
Decatur
3%
pretendin'
3%
almost
0%
hundred
0%
Pharcyde,
0%
true
0%
unbearable
0%
years
0%
No matching quizzes found
Score Distribution
Percent of People with Each Score
Percentile by Number Answered
Your Score History
You have not taken this quiz